Terra incognita : antología de poetas búlgaras contemporáneas /
Saved in:
| Andre forfattere: | |
|---|---|
| Format: | Electronisk eBog |
| Sprog: | spansk bulgarsk |
| Udgivet: |
Barcelona :
Ærea,
[2021]
|
| Serier: | ÆREA. Terroir ;
01/21. |
| Fag: | |
| Online adgang: | Digitalia Hispánica |
| Tags: |
Tilføj Tag
Ingen Tags, Vær først til at tagge denne postø!
|
MARC
| LEADER | 00000nam a2200000 i 4500 | ||
|---|---|---|---|
| 001 | DIGRILEDIT1237 | ||
| 003 | NyNyDIG | ||
| 007 | cr ||||||||||| | ||
| 008 | 230324s2021 sp o 000 p spa d | ||
| 006 | m o d | ||
| 035 | |a (OCoLC)1374238428 | ||
| 040 | |a DGITA |b eng |e rda |e pn |c DGITA | ||
| 020 | |z 9788418982569 | ||
| 041 | 1 | |a spa |a bul |h bul | |
| 050 | 1 | 4 | |a PG1021.4.W6 ebook |
| 245 | 0 | 0 | |a Terra incognita : |b antología de poetas búlgaras contemporáneas / |c selección y traducción del búlgaro, Reynol Pérez Vázquez. |
| 264 | 1 | |a Barcelona : |b Ærea, |c [2021] | |
| 300 | |a 1 online resource. | ||
| 336 | |a text |b txt |2 rdacontent | ||
| 337 | |a computer |b c |2 rdamedia | ||
| 338 | |a online resource |b cr |2 rdacarrier | ||
| 347 | |a text file |2 rdaft | ||
| 347 | |b PDF | ||
| 490 | 1 | |a ÆREA. Terroir ; |v 01/21 | |
| 546 | |a Text in Spanish and Bulgarian. | ||
| 588 | 0 | |a Online resource; title from PDF title page (Digitalia, viewed March 24, 2023) | |
| 655 | 7 | |a Poetry. |2 lcgft | |
| 700 | 1 | |a Pérez Vázquez, Reynol, |d 1959- |e editor. | |
| 791 | 2 | |a Digitalia (Firm), |e distributor. | |
| 793 | 0 | |g Digitalia eBook Collection: |a Ril Editores | |
| 776 | 0 | 8 | |i Print version: |t Terra incognita. |b Primera edición. |d Barcelona : Ærea, [2021] |z 9788418982569 |
| 830 | 0 | |a ÆREA. |p Terroir ; |v 01/21. | |
| 856 | 4 | 0 | |3 Digitalia Hispánica |u https://digitalia.unach.elogim.com/a/117143/ |
| 910 | |a Premium collection: 2023 | ||